Top 50 de l'Année 2002 - Statistiques

Statistiques générales
  • Ce quiz a été pris 42 fois
  • Le résultat moyen est 12 sur 50
Statistiques - réponses
Artistes Chansons % Correct
3 INDOCHINE J'ai demandé à la lune
79%
11 RENAUD & AXELLE RED Manhattan-Kaboul
74%
1 SHAKIRA Whenever, wherever
64%
33 JENIFER Au soleil
62%
15 LAS KETCHUP The ketchup song (aserejé)
62%
36 CALOGERO En apesanteur
59%
13 JOHNNY HALLYDAY Marie
51%
4 NATASHA ST. PIER Tu trouveras
49%
26 ALICIA KEYS Fallin'
46%
5 SOPHIE ELLIS-BEXTOR Murder on the dancefloor
44%
27 AVRIL LAVIGNE Complicated
41%
22 MAGIC SYSTEM 1er gaou
38%
48 ETIENNE DAHO + DANI Comme un boomerang
38%
8 MARC LAVOINE & CHRISTINA MAROCCO J'ai tout oublié
38%
16 VANESSA CARLTON A thousand miles
36%
46 MYLENE FARMER & SEAL Les mots
36%
6 NELLY feat. KELLY ROWLAND Dilemma
28%
2 DAVID GUETTA feat. CHRIS WILLIS Love, don't let me go
28%
10 JEAN-JACQUES GOLDMAN Tournent les violons
28%
9 ROHFF Qui est l'exemple ?
26%
25 MARC LAVOINE & CLAIRE KEIM Je ne veux qu'elle
21%
20 SHAKIRA Underneath your clothes
21%
35 KYLIE MINOGUE Can't get you out of my head
18%
40 JEAN-JACQUES GOLDMAN Ensemble
15%
39 JENNIFER LOPEZ feat. JADAKISS & STYLES Jenny from the block
15%
28 MAD'HOUSE Like a prayer
15%
37 NICKELBACK How you remind me
13%
19 TIZIANO FERRO Perdono
13%
47 ATOMIC KITTEN Eternal flame
10%
14 M.C. SOLAAR Inch' Allah
10%
17 JEAN-JACQUES GOLDMAN Les choses
10%
50 DE PALMAS Elle s'ennuie
8%
18 WEEZER Island in the sun
8%
42 TRUTH HURTS feat. RAKIM Addictive
5%
38 CUNNIE WILLIAMS Come back to me
5%
32 MADONNA Die another day
5%
45 BRANDY Full moon
5%
31 JENNIFER LOPEZ I'm real
5%
12 P. DIDDY feat. USHER & LOON I need a girl
5%
49 MARY J. BLIGE No more drama
5%
41 NUTTEA Unité
5%
21 CHRISTINA MILIAN When you look at me
5%
43 ZAZIE Adam et Yves
3%
44 ASHANTI Foolish
3%
24 DE PALMAS Regarde-moi bien en face
3%
23 USHER U got it bad
3%
30 EVE feat. DRAG-ON & SWIZZ BEATZ Got what you need
0%
34 JENNIFER LOPEZ feat. NAS I'm gonna be alright
0%
29 ANASTACIA Paid my dues
0%
7 R. KELLY The world's greatest
0%
Aucun quiz correspondant
Distribution des résultats
% des personnes avec chaque résultat
Percentile par nombre de réponses
Votre historique - résultats
Vous n’avez pas pris ce quiz